Polskie stopnie wojskowe - Statystyki

Ogólne statystyki
  • Ten quiz został rozwiązany 315 razy
  • Średni wynik to 17 z 23
Statystyki odpowiedzi
Obrazkowy Odpowiedź % Poprawnych
Szeregowy
99%
Starszy Szeregowy
96%
Kapral
84%
Starszy Kapral
79%
Generał
75%
Marszałek
75%
Sierżant
75%
Starszy Sierżant
74%
Plutonowy
73%
Kapitan
70%
Major
70%
Generał Broni
69%
Pułkownik
69%
Chorąży
68%
Generał Dywizji
68%
Podporucznik
68%
Porucznik
68%
Generał Brygady
67%
Podpułkownik
67%
Starszy Chorąży
67%
Starszy Szeregowy Specjalista
66%
Starszy Chorąży Sztabowy
64%
Młodszy Chorąży
63%
Nie znaleziono quizów pasujących do podanych kryteriów
Rozkład punktacji
Procent ludzi z każdym wynikiem
Percentyl według liczby udzielonych odpowiedzi
Twoja historia wyników
Nie rozwiązałeś tego quizu